LEADER 01038nam a2200205 i 4500 001 000000021423 003 CaOOAMICUS 005 20180830125445.0 008 180830n it u000 u ita u 040 $aSeMil$bita 100 1 $aBatiffol, Pierre <1861-1929>.$0(OLS)http://semarc/name/6942 245 10$aEtudes d'histoire et de theologie positive /$cPierre Batiffol. 260 $aParis :$bGabalda,$c[1900?] 260 $aParis :$bLecoffre,$c[1900?] 300 $a2 v. ;$c19 cm. 774 0 $aBatiffol, Pierre <1861-1929>$tDiscipline de l'arcane ; les origines de la pénitence ; la hierarchie primitive ; l'agape.$dParis : Lecoffre, 1926.$b7. éd.$g1$w()42205 774 0 $aBatiffol, Pierre <1861-1929>$tEucharistie ; la presence réelle et la transsubstantation.$dParis : Lecoffre, 1920.$b8. éd.$g2$w()163061 996 $6245$aEtudes d'histoire et de theologie positive$9(OLS)http://semarc/title/28364 996 $6260$aParis :$bLecoffre$9(OLS)http://semarc/publisher/29623 996 $6260$aParis :$bGabalda$9(OLS)http://semarc/publisher/29624 LEADER 01198nam a2200289 i 4500 001 000000053166 003 CaOOAMICUS 005 20150909000000.0 008 150909s1995 it u000 u ita u 013 $a24338 020 $a88-343-2765-9 040 $aSeMil$bita 245 10$aEtica e servizio sociale /$ca cura di Tiziano Vecchiato, Francesco Villa. 260 $aMilano :$bVita e Pensiero,$ccopyr. 1995. 300 $aXVI, 326 p. ;$c22 cm. 490 0 $aLeggere la società ;$v27 500 $aContiene : Bibliografia di riferimento. 650 4$aAssistenza sociale.$0(OLS)http://semarc/subject/1698 700 1 $aVilla, Francesco,$d<1991- >.$0(OLS)http://semarc/name/26251 700 1 $aVecchiato, Tiziano.$0(OLS)http://semarc/name/26250 830 0$aLeggere la società ;$v27.$0(OLS)http://semarc/title/10601 850 $aSeMil 852 $aSeMil$W1$xVenegono$y1$m3N V 369$j19320$B19320$CSeMilBibl$Z2$F19322 $81 961 $aOmaggio: Poma mons. Gianfranco 996 $6020$a88-343-2765-9$9(OLS)http://semarc/number/27747 996 $6245$aEtica e servizio sociale$9(OLS)http://semarc/title/81843 996 $6260$aMilano :$bVita e Pensiero$9(OLS)http://semarc/publisher/29642